Statistics for G5京昆高速公路途经的地级和县级行政区 - 地图版

Click here to take the quiz!

General Stats

  • This quiz has been taken 9 times
  • The average score is 61 of 120

Answers on the Map

Answers color-coded by a green-red scale on the quiz's map according to % correct below.
 

Answer Stats

行政区% Correct
西安市
88%
临汾市
88%
石家庄市
88%
成都市
88%
德阳市
88%
绵阳市
88%
广元市
88%
汉中市
88%
太原市
88%
青白江区
75%
西昌市
75%
广汉市
75%
保定市
75%
阳泉市
75%
吕梁市
75%
昆明市
75%
运城市
75%
渭南市
75%
咸阳市
75%
眉山市
75%
雅安市
75%
凉山彝族自治州
75%
攀枝花市
75%
江油市
75%
旌阳区
63%
锦江区
63%
涪城区
63%
新都区
63%
晋中市
63%
武侯区
63%
双流区
63%
蒲江县
63%
五华区
63%
临潼区
63%
安康市
63%
楚雄彝族自治州
63%
剑阁县
63%
房山区
63%
正定县
63%
昭化区
50%
雨城区
50%
游仙区
50%
罗江区
50%
成华区
50%
龙泉驿区
50%
新津区
50%
彭山区
50%
汉源县
50%
利州区
50%
石棉县
50%
德昌县
50%
米易县
50%
元谋县
50%
鹿泉区
50%
唐县
50%
青川县
50%
邛崃市
50%
未央区
50%
高陵区
50%
雁塔区
50%
灞桥区
50%
鄠邑区
50%
长安区
50%
阎良区
50%
勉县
50%
行唐县
38%
祁县
38%
朝天区
38%
徐水区
38%
盐边县
38%
仁和区
38%
富平县
38%
永仁县
38%
武定县
38%
合阳县
38%
交城县
38%
清徐县
38%
冕宁县
38%
万柏林区
38%
尖草坪区
38%
阳曲县
38%
郊区
38%
平定县
38%
井陉县
38%
晋源区
38%
宁强县
38%
秦都区
38%
洪洞县
38%
韩城市
38%
南郑区
38%
河津市
38%
城固县
38%
稷山县
38%
洋县
38%
新绛县
38%
荥经县
38%
襄汾县
38%
尧都区
38%
澄城县
38%
佛坪县
38%
宁陕县
38%
名山区
38%
平遥县
38%
石泉县
38%
东坡区
38%
蒲城县
38%
介休市
38%
灵石县
38%
霍州市
38%
平山县
25%
富民县
25%
灵寿县
25%
文水县
25%
曲阳县
25%
顺平县
25%
满城区
25%
涞水县
25%
定兴县
25%
易县
25%
盂县
25%

Score Distribution

Percentile by Number Answered

Percent of People with Each Score

Your Score History

You have not taken this quiz